000 00408nam a2200181Ia 4500
005 20240823055146.0
008 240823s9999||||xx |||||||||||||| ||und||
041 _aENGLISH
082 _A822.33 Q7
100 _aWilliam Shakespeare
245 4 _aThe Tragedy of Macbeth
250 _a1st
260 _c2017
_bMJP Publi
500 _aYES
650 _aEnglish
_bEnglish
942 _cBK
999 _c228129
_d228129